000 00322nam a2200133Ia 4500
008 240624s9999 xx 000 0 und d
041 _aeng
082 _a658.8 PIN
100 _aPINKOON DAMRONG
245 _aMARKETING KNOW HOW
260 _c2015
_aMumbai
_bJaico Books
300 _a183 : p. : cm. ; 18
365 _cRS
_b35
999 _c26766
_d26766